| 000 | 00765cab a2200265 4500 | ||
|---|---|---|---|
| 001 | ABS47783 | ||
| 008 | 090401t1993 xxu||||| |||| 00| 0 eng d | ||
| 035 | _a(Sirsi) u63401 | ||
| 041 | _aeng | ||
| 100 | _aCornes, D. | ||
| 245 | _aGoing for broke | ||
| 260 | _c1993 | ||
| 350 | _a0 | ||
| 490 |
_aNew Builder _v(159) 22 January 1993, 14 (1) |
||
| 520 | _aReviews the options, as set out in "JCT Practice Note 24", open to an employer, if the contractor becomes insolvent. | ||
| 650 | _aADMINISTRATIVE RECEIVERSHIP | ||
| 650 | _aCONTRACTORS | ||
| 650 | _aEMPLOYERS | ||
| 650 |
_aInsolvency _96247 |
||
| 650 | _aJCT PRACTICE NOTE 4 | ||
| 650 | _aNOVATION | ||
| 690 | _aBUILT ENVIRONMENT-BUILDING CONTRACT FORMS | ||
| 942 | _n0 | ||
| 948 | _c04/03/1997 | ||
| 999 |
_c39408 _d39408 |
||